The Politics of Secularism in International Relations / (Record no. 13975)
[ view plain ]
| 000 -LEADER | |
|---|---|
| fixed length control field | 01974cam a22003978a 4500 |
| 001 - CONTROL NUMBER | |
| control field | 14717743 |
| 005 - DATE AND TIME OF LATEST TRANSACTION | |
| control field | 20100216082955.0 |
| 008 - FIXED-LENGTH DATA ELEMENTS--GENERAL INFORMATION | |
| fixed length control field | 070130s2008 nju | b 001 0 eng d |
| 010 ## - LIBRARY OF CONGRESS CONTROL NUMBER | |
| LC control number | 2007004038 |
| 020 ## - INTERNATIONAL STANDARD BOOK NUMBER | |
| International Standard Book Number | 9780691130071 (hardcover : alk. paper) |
| 020 ## - INTERNATIONAL STANDARD BOOK NUMBER | |
| International Standard Book Number | 9780691134666 |
| 040 ## - CATALOGING SOURCE | |
| Original cataloging agency | DLC |
| Transcribing agency | DLC |
| Modifying agency | DLC |
| 043 ## - GEOGRAPHIC AREA CODE | |
| Geographic area code | aw----- |
| -- | e------ |
| -- | n-us--- |
| 050 00 - LIBRARY OF CONGRESS CALL NUMBER | |
| Classification number | D32 |
| Item number | .H87 2008 |
| 082 00 - DEWEY DECIMAL CLASSIFICATION NUMBER | |
| Edition number | 22 |
| Classification number | 327.101 |
| Item number | HUR |
| 100 1# - MAIN ENTRY--PERSONAL NAME | |
| Personal name | Hurd, Elizabeth Shakman, |
| Dates associated with a name | 1970- |
| 9 (RLIN) | 13916 |
| 245 14 - TITLE STATEMENT | |
| Title | The Politics of Secularism in International Relations / |
| Statement of responsibility, etc | Elizabeth Shakman Hurd. |
| 260 ## - PUBLICATION, DISTRIBUTION, ETC. (IMPRINT) | |
| Place of publication, distribution, etc | Princeton : |
| Name of publisher, distributor, etc | Princeton University Press, |
| Date of publication, distribution, etc | c2008. |
| 263 ## - PROJECTED PUBLICATION DATE | |
| Projected publication date | 0801 |
| 300 ## - PHYSICAL DESCRIPTION | |
| Extent | xiii, 247p. : |
| Dimensions | 24 cm. |
| 490 0# - Series Statement | |
| Series statement | Princeton studies in international history and politics |
| -- | 13923 |
| 504 ## - BIBLIOGRAPHY, ETC. NOTE | |
| Bibliography, etc | Includes bibliographical references and index. |
| 505 0# - FORMATTED CONTENTS NOTE | |
| Formatted contents note | Introduction -- Varieties of secularism -- Secularism and Islam -- Contested secularisms in Turkey and Iran -- The European Union and Turkey -- The United States and Iran -- Political Islam -- Religious resurgence -- Conclusion. |
| 650 #0 - SUBJECT ADDED ENTRY--TOPICAL TERM | |
| Topical term or geographic name as entry element | World politics. |
| 9 (RLIN) | 13917 |
| 650 #0 - SUBJECT ADDED ENTRY--TOPICAL TERM | |
| Topical term or geographic name as entry element | Secularism. |
| 9 (RLIN) | 13918 |
| 650 #0 - SUBJECT ADDED ENTRY--TOPICAL TERM | |
| Topical term or geographic name as entry element | Religion and politics. |
| 9 (RLIN) | 13919 |
| 651 #0 - SUBJECT ADDED ENTRY--GEOGRAPHIC NAME | |
| Geographic name | Europe |
| General subdivision | Foreign relations. |
| 9 (RLIN) | 13920 |
| 651 #0 - SUBJECT ADDED ENTRY--GEOGRAPHIC NAME | |
| Geographic name | Middle East |
| General subdivision | Foreign relations. |
| 9 (RLIN) | 13921 |
| 651 #0 - SUBJECT ADDED ENTRY--GEOGRAPHIC NAME | |
| Geographic name | United States |
| General subdivision | Foreign relations. |
| 9 (RLIN) | 13922 |
| 856 41 - ELECTRONIC LOCATION AND ACCESS | |
| Materials specified | Table of contents only |
| Uniform Resource Identifier | <a href="http://www.loc.gov/catdir/toc/ecip0710/2007004038.html">http://www.loc.gov/catdir/toc/ecip0710/2007004038.html</a> |
| 856 42 - ELECTRONIC LOCATION AND ACCESS | |
| Materials specified | Publisher description |
| Uniform Resource Identifier | <a href="http://www.loc.gov/catdir/enhancements/fy0726/2007004038-d.html">http://www.loc.gov/catdir/enhancements/fy0726/2007004038-d.html</a> |
| 856 42 - ELECTRONIC LOCATION AND ACCESS | |
| Materials specified | Contributor biographical information |
| Uniform Resource Identifier | <a href="http://www.loc.gov/catdir/enhancements/fy0734/2007004038-b.html">http://www.loc.gov/catdir/enhancements/fy0734/2007004038-b.html</a> |
| 942 ## - ADDED ENTRY ELEMENTS (KOHA) | |
| Source of classification or shelving scheme | Dewey Decimal Classification |
| Item type | Book - Borrowing |
| Withdrawn status | Item status | Source of classification or shelving scheme | Damaged status | Not for loan | Vendor | Home library | Current library | Shelving location | Date acquired | Source of acquisition | Cost, normal purchase price | Serial Enumeration / chronology | Total Checkouts | Total Renewals | Full call number | Barcode | Date last seen | Date last borrowed | Koha item type |
|---|---|---|---|---|---|---|---|---|---|---|---|---|---|---|---|---|---|---|---|
| Dewey Decimal Classification | Baccah | Central Library | Central Library | First floor | 15/05/2010 | 130.00 | 10268 | 8 | 48 | 327.101 HUR | 000020716 | 15/07/2025 | 08/10/2017 | Book - Borrowing |